Suelta el globo

Shranjeno v:
Bibliografske podrobnosti
Glavni avtor: Southall, Iván (Author)
Format: Knjiga
Jezik:španščina
Izdano: Madrid Ediciones SM 1996
Izdaja:13a. ed
Serija:Colección El Barco de Vapor. Serie Roja, 4
Teme:
Oznake: Označite
Brez oznak, prvi označite!

MARC

LEADER 00000nam a2200000 a 4500
001 UCH8296
003 CL-VaPUC
008 091127e19960000SP |||||||||||||||||spa|d
020 |a 8434808315 
082 0 4 |a 823  |b SOU  |2 21 
100 0 |a Southall, Iván  |e author  |9 544818 
245 1 0 |a Suelta el globo 
250 |a 13a. ed 
300 |a 156 p 
942 |c BK 
945 |d 20091127 00:00:00  |a lazolas 
260 |a Madrid  |b Ediciones SM  |c 1996 
650 0 |a Novelas inglesas  |9 265220 
650 0 |a Cuentos ingleses  |9 265135 
650 0 |a Literatura inglesa  |9 312907 
650 0 |a Literatura juvenil   |9 309909 
583 |a last modification  |c 20091127 00:00:00  |k Rodrigo Vera 
490 0 |a Colección El Barco de Vapor. Serie Roja, 4 
999 |c 338523  |d 338521